Cuentos folklóricos de Puerto Rico / (Registro nro. 11077)

Detalles MARC
000 -LIDER
fixed length control field 01322cam a22003131 4500
001 - NÚMERO DE CONTROL
Identificador de número de control 61234
003 - IDENTIFICACDOR DE NÚMERO DE CONTROL
control field DO-SdBNP
005 - DATE AND TIME OF LATEST TRANSACTION
control field 20240611090404.0
007 - CAMPOS FIJOS DE DESCRIPCIÓN FÍSICA
fixed length control field 61234
008 - ELEMENTOS DE LONGITUD FIJA
fixed length control field 731004s1969 dr 000 0 spa
010 ## - NUMERO DE CONTROL DE BIBLIOTECA DEL CONGRESO
LC control number
020 ## - ISBN
International Standard Book Number 8439908555
035 ## - NÚMERO LOCAL
System control number
040 ## - FUENTE DE CATALOGACIÓN
Agencia que crea de manera original el registro BPMSU
Agencia que realiza la transcripción spa
Agencia que realiza la modificación BPMSU
050 00 - NÚMERO DE CLASIFICACIÓN BIBLIOTECA DEL CONGRESO
Classification number
Item number
082 #4 - NÚMERO DE CLASIFICACIÓN DECIMAL DE DEWEY
Classification number Pr863.08
Item number C965f 1983
Edition number 22
245 o0 - MENCIÓN DE TITULO
Título Cuentos folklóricos de Puerto Rico /
Mención de responsabilidad Recogidos y editados por Ricardo E. Alegría. Ilus. de Rafael Seco.
250 ## - MENCIÓN DE EDICION
Mención de edición 7a. ed.
260 ## - PUBLICACIÓN, DISTRIBUCIÓN, ETC. (PIE DE IMPRENTA)
Lugar de publicación, distribución, etc Santo Domingo :
Nombre del editor, distribuidor, etc. Editora Corripio,
Fecha de publicación, distribución, etc 1983
300 ## - DESCRIPCIÓN FÍSICA
Extensión 120 p. :
Otros detalles físicos il.;
Dimensiones 19 cm.
490 0# - MENCIÓN DE SERIES
Mención de serie Colección de estudios puertorriqueños
505 0# - NOTA DE CONTENIDO
Texto normalizado de contenido Los tres hermanos y los objetos maravillosos.--Los tres deseos.--Juan Bobo y la princesa adivinadora.--El ahijado de la muerte.--El plumaje del múcaro.--El conde Cuervo y la princesa.--Pedro Animala y su sombrero de tres picos.--Juan Bobo, la puerca, los pollos y el caldero-- Los hijos del rey y el pájaro adivino.--El conejo y el tigre.--El castillo de irás y no volverás.--Juanito y la princesa.
590 ## - NOTA LOCAL
Texto de la nota local Inventariado, 2025/VM
650 #0 - ENCABEZAMIENTO DE MATERIA--TEMÁTICO
Término temático o nombre geográfico como elemento de entrada Cuentos puertorriqueños
Subdivisión de forma Colecciones
Subdivisión geográfica
700 1# - ASIENTO SECUNDARIO -- NOMBRE PERSONAL
Nombre personal Alegría, Ricardo E.
700 ## - ASIENTO SECUNDARIO -- NOMBRE PERSONAL
Nombre personal Seco, Rafael
Mención de responsabilidad ilustración
910 ## - VALIDACIÓN
Validación VMateo V. Control de calidad. BPMSU
942 ## - ADDED ENTRY ELEMENTS (KOHA)
Source of classification or shelving scheme Dewey Decimal Classification
Koha item type Libros
Existencias
Withdrawn status Lost status Source of classification or shelving scheme Damaged status Not for loan Home library Current library Date acquired Source of acquisition Total Checkouts Full call number Barcode Date last seen Price effective from Koha item type
    Dewey Decimal Classification     Biblioteca Pública Metropolitana Salomé Ureña Biblioteca Pública Metropolitana Salomé Ureña 08/02/2016   BPMSU CD Pr863.08 C965f 1983 BPMSU16080022 08/02/2016 08/02/2016 Libros